|
|
|
|
| LEADER |
00000naa2a2200000 4500 |
| 001 |
184590 |
| 005 |
20260416142835.0 |
| 035 |
|
|
|a (RuTPU)RU\TPU\book\200181
|
| 090 |
|
|
|a 184590
|
| 100 |
|
|
|a 20100914d2004 k y0rusy50 ca
|
| 101 |
0 |
|
|a rus
|
| 102 |
|
|
|a RU
|
| 200 |
1 |
|
|a Лабораторная работа "Исследование адаптивных алгоритмов идентификации"
|f С. С. Зелепугин, В. И. Коновалов
|
| 320 |
|
|
|a Библиогр.: 2 назв.
|
| 463 |
|
0 |
|0 (RuTPU)RU\TPU\book\75409
|t Молодежь и современные информационные технологии
|o Сборник трудов II-ой Всероссийской научно-практической конференции студентов, г. Томск, 25-26 февраля 2004 г.
|f Томский политехнический университет; Институт "Кибернетический центр"; Под ред. В. И. Гончарова
|v С. 236-237
|d 2004
|
| 610 |
1 |
|
|a идентификация
|
| 610 |
1 |
|
|a адаптивные алгоритмы
|
| 610 |
1 |
|
|a лабораторные работы
|
| 610 |
1 |
|
|a приложения
|
| 610 |
1 |
|
|a труды учёных ТПУ
|
| 700 |
|
1 |
|a Зелепугин
|b С. С.
|
| 701 |
|
1 |
|a Коновалов
|b В. И.
|c специалист в области вычислительной техники
|c доцент Томского политехнического университета, кандидат технических наук
|f 1945-
|g Виктор Иванович
|3 (RuTPU)RU\TPU\pers\26761
|9 12404
|
| 801 |
|
1 |
|a RU
|b 63413507
|c 20100914
|
| 942 |
|
|
|c BK
|